Bayern Squad 24/25 - Statistics

General Stats
  • This quiz has been taken 275 times
    62 since last reset
  • The average score is 21 of 25
Answer Stats
# Nation Former Club Answer % Correct
9 England Spurs Harry Kane
100%
3 South Korea Napoli Kim Min Jae
100%
10 Germany Man City Leroy Sane
98%
1 Germany Schalke Manuel Neuer
98%
19 Canada Vancouver Whitecaps Alphonso Davies
96%
11 France Juventus Kingsley Coman
96%
17 France Crystal Palace Michael Olise
96%
7 Germany Werder Bremen Serge Gnabry
96%
2 France Leipzig Dayot Upamecano
95%
8 Germany Schalke Leon Goretzka
95%
15 England Spurs Eric Dier
91%
6 Germany Leipzig Joshua Kimmich
91%
27 Austria Leipzig Konrad Laimer
89%
22 Portugal Dortmund Raphael Guerreiro
88%
16 Portugal Fulham Joao Palhinha
86%
21 Japan Stuttgart Hiroki Ito
82%
42 Germany Youth Jamal Musiala
79%
45 Germany Youth Aleksandar Pavlovic
70%
39 France Stade Rennais Mathys Tel
70%
23 France Galatasaray Sacha Boey
70%
18 Israel Maccabi Tel Aviv Daniel Peretz
68%
25 Germany Youth Thomas Muller
68%
44 Croatia Youth Josip Stanisic
64%
40 Germany Koln Jonas Urbig
48%
26 Germany Hamburg Sven Ulreich
46%
No matching quizzes found
Score Distribution
Percent of People with Each Score
Percentile by Number Answered
Your Score History
You have not taken this quiz since the last reset